000 00539 a2200193 4500
005 20260116152719.0
008 260114b |||||||| |||| 00| 0 eng d
020 _a9789359789804
_cRs. 2195.00
040 _aMAIN
082 _a796.01
_bS72B
100 _aSardar, Sanjit
245 _aBiomechanics: Analysis of human movement
260 _bFriends Publications (India)
_c2025
_aNew Delhi
300 _a239
650 _aPhysical Education
650 _aBiomechanics-Sports
650 _aMuscle-Skeletal Mechanics
942 _cBK
999 _c394081
_d394081